00596nam a2200193Ia 4500008004100000020001400041082001200055100002400067245003000091250000700121260003400128300002400162500000700186600003300193650002800226942000700254952012600261999001500387240925s9999 xx 000 0 und d a715313942 a428 WAR aWard ,J. Millington 0aO Level English Practice  aNA aLondon:bBell & Hymanc,1984. a46p.bNAfPhotocopy aNA aHumanities & Natural Science aEnglish and Old English cBK 001040708HUMaUITUbUITUd1999-03-25eFair Book Centerg895.00l0o428 WARpQ2024r2024-09-25 07:12:38w2024-09-25yBK c4523d4523